000 01338nam a2200313 4500
003 EG-GICUC
005 20260307200325.0
008 260307s1995 ua ||||fr|||| 00| 0 ara d
040 _a EG-GICUC
_bara
_c EG-GICUC
_d EG-GICUC
_erda
041 0 _aara
082 0 4 _221
_a341.762
_bص ل . ق
092 0 4 _221
099 _aLaw1 11 341.762 ص ل . ق 1995
100 0 _aصلاح الدين عامر
_eمؤلف.
245 1 _aحماية البيئة ابان النزاعات المسحلة في البحار .
_hالمجلد التاسع و الأربعون /
_cصلاح الدين عامر .
264 1 _aمصر :
_bالمجلة المصرية للقانون الدولي ،
_c1995 .
300 _a44 صفحة ؛
_c26 سم.
336 _2rda content
_atext
337 _2rda media
_aComputer
338 _2rda carrier
_aOnline Resource
500 _aمستخرج من المجلة المصرية للقانون الدولي -العدد 49 لسنة 1993
546 _aالنص أغلبه باللغة العربية مع بعض النصوص الفرنسية
650 1 _aالقانون الدولي العام
650 1 _aالموارد الطبيعية -- حماية -- قانون دولي
651 1 _2qrmak
856 4 0 _uhttps://fll.law.cu.edu.eg/fulltext/bks/B11-07656.pdf
905 _a59
942 _2ddc
_n0
_cBK
_e21
999 _c65696
_d65696